000 00437nam a22001697a 4500
005 20160614122537.0
008 160614b xxu||||| |||| 00| 0 eng d
020 _a0-7506-1501-X
041 _aeng
082 _b7442
100 _aButler worth & Heine mann
_91883
245 _aTechniques used in Bioproduct Analysis
260 _bOpen University & University Skill
_c1992
300 _a302
650 _aManagement
_9241
942 _cBK
999 _c2649
_d2648